000 00500nam a2200193Ia 4500
008 170705s9999 xx 000 0 und d
020 _a590673033
245 _aEarthquake! :
245 _ba story of old San Francisco /
245 _cKathleen V. Kudlinski ; illustrated by Ronald Himler.
260 _aNew York :
260 _bScholastic,
260 _c1993
300 _a56 pages :
300 _bcolor illustration ;
300 _c19cm.
440 _aOnce upon America.
500 _a540
999 _c335993
_d335993